| 000 | 00651cam a22001935a 4500 | ||
|---|---|---|---|
| 001 | L143703 | ||
| 008 | 080528s2004 xxk f 000 0 eng d | ||
| 020 | _a9780007811328 | ||
| 035 | _a(Sirsi) u143703 | ||
| 041 | 0 | _aeng | |
| 100 | 1 | _aBlanchard, Ken | |
| 245 | 0 | 0 |
_aPutting the one minute manager to work _ba practical guide to improving performance |
| 260 |
_aLondon _bHarper Collins Publishers _c2004 |
||
| 300 |
_a110p. _c20cm. |
||
| 520 | _aParable-style book provides methods for maximising effectiveness as a manager to increase performance, productivity and profits. | ||
| 651 | 4 | _aInternational | |
| 700 | 1 | _aLorber, Robert | |
| 942 | _n0 | ||
| 999 |
_c108252 _d108252 |
||